[Event "Pardubice rapid op 34th"]
[Site "Pardubice"]
[Date "2023.07.20"]
[Round "5"]
[White "Kudla, Richard"]
[Black "Migalko, Dmitriy"]
[Result "1-0"]
[WhiteElo "2030"]
[BlackElo "1507"]
[PlyCount "77"]
[EventDate "2023.07.19"]
[EventType "swiss (rapid)"]
[EventRounds "9"]
[EventCountry "CZE"]
[SourceTitle "CBM 215 Extra"]
[Source "ChessBase"]
[SourceDate "2023.09.30"]
[SourceVersion "1"]
[SourceVersionDate "2023.09.30"]
[SourceQuality "1"]

1. e4 d5 2. exd5 Qxd5 3. Nc3 Qd6 4. d4 Nf6 5. Nf3 c6 6. g3 Bg4 7. Bg2 e6 8. h3 Bxf3 9. Bxf3 Qc7 10. Bf4 Bd6 11. Bxd6 Qxd6 12. 0-0 0-0 13. Ne4 Nxe4 14. Bxe4 Nd7 15. Re1 Rfd8 16. c3 Nf6 17. Bf3 Rac8 18. Qb3 Rc7 19. Rad1 Nd7 20. c4 h6 21. d5 cxd5 22. cxd5 e5 23. Qe3 b6 24. Bg4 Rc5 25. Bf3 Rc2 26. Rc1 Rdc8 27. Rxc2 Rxc2 28. Rc1 Rxc1+ 29. Qxc1 Nc5 30. b4 Nd3 31. Qc8+ Qf8 32. Qc4 Nxb4 33. a3 Nxd5 34. Bxd5 Qxa3 35. Bxf7+ Kf8 36. Bg6 Ke7 37. Qc7+ Ke6 38. Qf7+ Kd6 39. Qf8+ 1-0

[Event "Pardubice rapid op 34th"]
[Site "Pardubice"]
[Date "2023.07.19"]
[Round "2"]
[White "Mohota, Nisha"]
[Black "Kudla, Richard"]
[Result "1-0"]
[WhiteElo "2163"]
[BlackElo "2030"]
[PlyCount "79"]
[EventDate "2023.07.19"]
[EventType "swiss (rapid)"]
[EventRounds "9"]
[EventCountry "CZE"]
[SourceTitle "CBM 215 Extra"]
[Source "ChessBase"]
[SourceDate "2023.09.30"]
[SourceVersion "1"]
[SourceVersionDate "2023.09.30"]
[SourceQuality "1"]

1. d4 c6 2. e4 d5 3. e5 Bf5 4. h4 Qb6 5. Ne2 e6 6. Ng3 Ne7 7. Nc3 a6 8. Na4 Qa5+ 9. c3 Nd7 10. b4 Qc7 11. Nxf5 Nxf5 12. g4 Ne7 13. h5 Nc8 14. Bd3 b6 15. g5 c5 16. bxc5 bxc5 17. Kf1 c4 18. Bc2 Na7 19. Qf3 Nb5 20. Rh4 Na3 21. Bd1 Be7 22. Rf4 Rf8 23. Qg4 g6 24. Bxa3 Bxa3 25. Bc2 Qa5 26. Kg2 Bb2 27. Rb1 Bxc3 28. Nxc3 Qxc3 29. Ba4 Qa3 30. Bxd7+ Kxd7 31. Rb7+ Kc6 32. Rbxf7 Rfe8 33. R4f6 Qd3 34. Rxe6+ Kb5 35. Rb7+ Ka5 36. Rd6 Rad8 37. Rc6 Rf8 38. Rbb6 Ra8 39. Rc5+ Ka4 40. Qd7+ 1-0

[Event "Bohumin op-A 6th"]
[Site "Bohumin"]
[Date "2023.07.09"]
[Round "9"]
[White "Kuchar, Matej"]
[Black "Kudla, Richard"]
[Result "1/2-1/2"]
[WhiteElo "2048"]
[BlackElo "2030"]
[PlyCount "21"]
[EventDate "2023.07.01"]
[EventType "swiss"]
[EventRounds "9"]
[EventCountry "CZE"]
[SourceTitle "CBM 215 Extra"]
[Source "ChessBase"]
[SourceDate "2023.09.30"]
[SourceVersion "1"]
[SourceVersionDate "2023.09.30"]
[SourceQuality "1"]

1. e4 c6 2. Nf3 d5 3. Nc3 dxe4 4. Nxe4 Nf6 5. Qe2 Nxe4 6. Qxe4 Qd5 7. Qxd5 cxd5 8. d4 a6 9. Bd3 Nc6 10. c3 Bg4 11. Ng1 1/2-1/2

[Event "Bohumin op-A 6th"]
[Site "Bohumin"]
[Date "2023.07.04"]
[Round "4"]
[White "Pelc, Adam"]
[Black "Kudla, Richard"]
[Result "1/2-1/2"]
[WhiteElo "1902"]
[BlackElo "2030"]
[PlyCount "40"]
[EventDate "2023.07.01"]
[EventType "swiss"]
[EventRounds "9"]
[EventCountry "CZE"]
[SourceTitle "CBM 215 Extra"]
[Source "ChessBase"]
[SourceDate "2023.09.30"]
[SourceVersion "1"]
[SourceVersionDate "2023.09.30"]
[SourceQuality "1"]

1. e4 c6 2. e5 d5 3. exd6 Qxd6 4. Nf3 Bg4 5. Bc4 e6 6. Nc3 Nf6 7. d3 Nbd7 8. Qe2 Bxf3 9. Qxf3 Ne5 10. Qf4 Nd5 11. Bxd5 cxd5 12. Nb5 Qb4+ 13. Qxb4 Bxb4+ 14. Bd2 Bxd2+ 15. Kxd2 Kd7 16. f4 Nc6 17. Ke3 Rac8 18. c3 a6 19. Nd4 Ne7 20. Kd2 Kd6 1/2-1/2

[Event "Bohumin op-A 6th"]
[Site "Bohumin"]
[Date "2023.07.01"]
[Round "1"]
[White "Kudla, Richard"]
[Black "Fargac, Martin"]
[Result "0-1"]
[WhiteElo "2030"]
[BlackElo "2354"]
[PlyCount "71"]
[EventDate "2023.07.01"]
[EventType "swiss"]
[EventRounds "9"]
[EventCountry "CZE"]
[SourceTitle "CBM 215 Extra"]
[Source "ChessBase"]
[SourceDate "2023.09.30"]
[SourceVersion "1"]
[SourceVersionDate "2023.09.30"]
[SourceQuality "1"]

1. e4 e5 2. Nf3 Nc6 3. Nc3 Nf6 4. d4 exd4 5. Nxd4 Bb4 6. Nxc6 bxc6 7. Bd3 0-0 8. 0-0 d5 9. exd5 cxd5 10. Bg5 c6 11. Na4 h6 12. Bh4 Be6 13. c3 Be7 14. Bxf6 Bxf6 15. Nc5 Bc8 16. Bc2 g6 17. Re1 Kg7 18. Qf3 a5 19. a3 Re8 20. Rxe8 Qxe8 21. Ba4 Rb8 22. b3 Qe7 23. Qf4 Bxc3 24. Rc1 Bb2 25. Rd1 Rb6 26. Nd3 Bf6 27. Re1 Qxa3 28. Qc7 Rxb3 29. Ne5 Be6 30. Bxb3 Qxb3 31. Qxa5 c5 32. h3 d4 33. Qc7 c4 34. Nc6 c3 35. Nd8 Bd5 36. Ne6+ 0-1

[Event "CZE-chT1E 2223"]
[Site "Czech Republic"]
[Date "2023.02.25"]
[Round "8.2"]
[White "Kudla, Richard"]
[Black "Nezval, Filip1111"]
[Result "1-0"]
[WhiteElo "2015"]
[BlackElo "2083"]
[PlyCount "87"]
[EventDate "2022.10.08"]
[EventType "team-tourn"]
[EventRounds "11"]
[EventCountry "CZE"]
[SourceTitle "CBM 213 Extra"]
[Source "ChessBase"]
[SourceDate "2023.05.31"]
[SourceVersion "1"]
[SourceVersionDate "2023.05.31"]
[SourceQuality "1"]
[WhiteTeam "Poruba Slavoj II"]
[BlackTeam "Brno Duras"]
[WhiteTeamCountry "CZE"]
[BlackTeamCountry "CZE"]

1. e4 c6 2. d4 d5 3. Nc3 dxe4 4. Nxe4 Nd7 5. Bd3 Ndf6 6. Ne2 Nxe4 7. Bxe4 Nf6 8. Bf3 Bf5 9. 0-0 e6 10. Re1 Bd6 11. Bf4 Bxf4 12. Nxf4 Qb6 13. b3 Rd8 14. c3 0-0 15. Qe2 Rd7 16. Nd3 Bxd3 17. Qxd3 Qa5 18. Qc2 Rfd8 19. Re5 Qc7 20. Rae1 h6 21. g3 Rd6 22. Bg2 b6 23. Qe2 Nd7 24. Re3 c5 25. d5 exd5 26. Re7 Qb8 27. Qh5 g6 28. Qxh6 Nf6 29. Qf4 d4 30. cxd4 cxd4 31. Be4 R8d7 32. Bd5 Rxe7 33. Rxe7 Qd8 34. Bxf7+ Kg7 35. Rxa7 Rd7 36. Rxd7 Qxd7 37. Bc4 b5 38. Bd3 b4 39. Qg5 Qe8 40. h4 Qe1+ 41. Kg2 Qe8 42. Qc5 Qa8+ 43. Kg1 Qf3 44. Qxd4 1-0

[Event "CZE-chT1E 2223"]
[Site "Czech Republic"]
[Date "2022.12.11"]
[Round "5.6"]
[White "Kudla, Richard"]
[Black "Miculka, David"]
[Result "1/2-1/2"]
[WhiteElo "2015"]
[BlackElo "2033"]
[PlyCount "45"]
[EventDate "2022.10.08"]
[EventType "team-tourn"]
[EventRounds "11"]
[EventCountry "CZE"]
[SourceTitle "CBM 213 Extra"]
[Source "ChessBase"]
[SourceDate "2023.05.31"]
[SourceVersion "1"]
[SourceVersionDate "2023.05.31"]
[SourceQuality "1"]
[WhiteTeam "Poruba Slavoj II"]
[BlackTeam "Poruba Slavoj"]
[WhiteTeamCountry "CZE"]
[BlackTeamCountry "CZE"]

1. e4 c5 2. Nf3 d6 3. d4 cxd4 4. Nxd4 Nf6 5. Nc3 g6 6. Bc4 Bg7 7. Be3 Nc6 8. f3 0-0 9. Qd2 Bd7 10. 0-0-0 Qa5 11. Bb3 Ne5 12. Bh6 Bxh6 13. Qxh6 Rfc8 14. Nd5 Nxd5 15. Bxd5 Bc6 16. Kb1 Bxd5 17. exd5 Nc4 18. Nb3 Qc7 19. h4 Nxb2 20. Kxb2 Qc3+ 21. Kb1 Qxc2+ 22. Ka1 Qc3+ 23. Kb1 1/2-1/2

[Event "Moravia-Silesia Region-chT 2223"]
[Site "Czech Republic"]
[Date "2022.11.13"]
[Round "3"]
[White "Kudla, Richard"]
[Black "Panek, Bartosz"]
[Result "0-1"]
[WhiteElo "2026"]
[BlackElo "2159"]
[PlyCount "58"]
[EventDate "2022.10.09"]
[EventType "team-tourn"]
[EventRounds "11"]
[EventCountry "CZE"]
[SourceTitle "EXT 2024"]
[Source "ChessBase"]
[SourceDate "2023.10.10"]
[SourceVersion "1"]
[SourceVersionDate "2023.10.10"]
[SourceQuality "1"]
[WhiteTeam "Poruba Slavoj IV"]
[BlackTeam "Petrovice Inter"]
[WhiteTeamCountry "CZE"]
[BlackTeamCountry "CZE"]

1. d4 Nf6 2. Nc3 e6 3. Bf4 Bb4 4. Qd3 Nd5 5. Bg3 f5 6. a3 Bxc3+ 7. bxc3 f4 8. c4 fxg3 9. cxd5 gxf2+ 10. Kxf2 0-0+ 11. Nf3 exd5 12. Kg1 c6 13. c4 dxc4 14. Qxc4+ d5 15. Qb4 Qe8 16. Qb3 Bf5 17. e3 Be4 18. Be2 Nd7 19. h4 Rb8 20. h5 h6 21. Re1 c5 22. Bb5 a6 23. Bxd7 Qxd7 24. Ne5 Qf5 25. Qb2 c4 26. g4 Qg5 27. Rh2 Rbe8 28. Qe2 Rxe5 29. dxe5 Bf3 0-1

[Event "CZE-chT2F 2223"]
[Site "Czech Republic"]
[Date "2022.10.16"]
[Round "1"]
[White "Mitura, Karel"]
[Black "Kudla, Richard"]
[Result "1/2-1/2"]
[WhiteElo "2103"]
[BlackElo "2026"]
[PlyCount "69"]
[EventDate "2022.10.16"]
[EventType "team-tourn"]
[EventRounds "11"]
[EventCountry "CZE"]
[SourceTitle "EXT 2024"]
[Source "ChessBase"]
[SourceDate "2023.10.10"]
[SourceVersion "1"]
[SourceVersionDate "2023.10.10"]
[SourceQuality "1"]
[WhiteTeam "Cesky Tesin Slavoj"]
[BlackTeam "Poruba Slavoj III"]
[WhiteTeamCountry "CZE"]
[BlackTeamCountry "CZE"]

1. e4 c6 2. d3 d5 3. Nd2 e5 4. Ngf3 Bd6 5. g3 Nf6 6. Bg2 0-0 7. 0-0 Be6 8. h3 h6 9. d4 dxe4 10. Nxe5 e3 11. Ndc4 Bxc4 12. Nxc4 exf2+ 13. Kh2 Bc7 14. Rxf2 Nbd7 15. Qf3 h5 16. Bf4 h4 17. g4 Nd5 18. Bxc7 Qxc7+ 19. Kh1 Rae8 20. Qf5 b5 21. Nd2 Ne3 22. Qd3 Nf6 23. Nf1 Nxg2 24. Kxg2 Nd5 25. Qf3 g5 26. Rd1 Nf4+ 27. Kh1 Re7 28. Ne3 Rfe8 29. Ng2 Nxg2 30. Rxg2 Re3 31. Qf5 Rxh3+ 32. Kg1 Qe7 33. Rf1 Qe3+ 34. Rgf2 Re7 35. c3 1/2-1/2

[Event "CZE-chT1E 2223"]
[Site "Czech Republic"]
[Date "2022.10.08"]
[Round "1.6"]
[White "Kudla, Richard"]
[Black "Babula, Milan"]
[Result "1/2-1/2"]
[WhiteElo "2015"]
[BlackElo "2125"]
[PlyCount "57"]
[EventDate "2022.10.08"]
[EventType "team-tourn"]
[EventRounds "11"]
[EventCountry "CZE"]
[SourceTitle "CBM 210 Extra"]
[Source "ChessBase"]
[SourceDate "2022.11.30"]
[SourceVersion "1"]
[SourceVersionDate "2022.11.30"]
[SourceQuality "1"]
[WhiteTeam "Poruba Slavoj II"]
[BlackTeam "Vlcnov"]
[WhiteTeamCountry "CZE"]
[BlackTeamCountry "CZE"]

1. e4 e6 2. d4 d5 3. exd5 exd5 4. c4 Nf6 5. Nc3 Be7 6. Bd3 dxc4 7. Bxc4 0-0 8. Nge2 Nbd7 9. 0-0 Nb6 10. Bb3 c6 11. Re1 Nbd5 12. a3 Be6 13. Ng3 Re8 14. Bc2 Qc7 15. Nf5 Bxf5 16. Bxf5 Bd6 17. Rxe8+ Rxe8 18. g3 Qe7 19. Bg5 Nxc3 20. bxc3 h6 21. Bd2 Qe2 22. Qc2 Ne4 23. Bxe4 Qxe4 24. Qb3 Qd3 25. Be3 Rxe3 26. fxe3 Qxe3+ 27. Kh1 Qf3+ 28. Kg1 Qe3+ 29. Kh1 1/2-1/2

[Event "CZE-chT2F 2122"]
[Site "Czech Republic"]
[Date "2022.03.20"]
[Round "10.7"]
[White "Sebesta, Jan"]
[Black "Kudla, Richard"]
[Result "1/2-1/2"]
[WhiteElo "1890"]
[BlackElo "2021"]
[PlyCount "101"]
[EventDate "2021.10.17"]
[EventType "team-tourn"]
[EventRounds "11"]
[EventCountry "CZE"]
[SourceTitle "EXT 2024"]
[Source "ChessBase"]
[SourceDate "2023.10.10"]
[SourceVersion "1"]
[SourceVersionDate "2023.10.10"]
[SourceQuality "1"]
[WhiteTeam "Orlova Slavia II"]
[BlackTeam "Poruba Slavoj III"]
[WhiteTeamCountry "CZE"]
[BlackTeamCountry "CZE"]

1. e4 c6 2. d4 d5 3. Nc3 dxe4 4. Nxe4 Nf6 5. Nxf6+ exf6 6. Nf3 Bd6 7. Bd3 0-0 8. 0-0 Re8 9. Be3 Bg4 10. Qd2 Bxf3 11. gxf3 Nd7 12. Bf4 Nf8 13. Bg3 Ne6 14. Rae1 Qc7 15. Kg2 g6 16. c3 Qd7 17. Rh1 Ng7 18. f4 Nh5 19. f5 Qc7 20. Qd1 Nf4+ 21. Bxf4 Bxf4 22. Qg4 h5 23. Qf3 Kg7 24. h4 Bd2 25. Re4 Rxe4 26. Qxe4 Qf4 27. Qxf4 Bxf4 28. Kf3 g5 29. hxg5 fxg5 30. Rxh5 f6 31. Rh1 Re8 32. Bc4 Bd6 33. Be6 Rh8 34. Re1 Rh3+ 35. Kg2 g4 36. Rg1 Rh2+ 37. Kf1 g3 38. fxg3 Rxb2 39. Rg2 Rb1+ 40. Ke2 Rb2+ 41. Kf3 Rxg2 42. Kxg2 Kh6 43. c4 Kg5 44. Kf3 b6 45. g4 Bb4 46. Bd7 Bc3 47. Ke4 c5 48. dxc5 bxc5 49. Kd5 Bb4 50. Ke6 a5 51. Bc6 1/2-1/2

[Event "CZE-chT2F 2122"]
[Site "Czech Republic"]
[Date "2022.02.13"]
[Round "8.8"]
[White "Vanicek, Michal"]
[Black "Kudla, Richard"]
[Result "0-1"]
[WhiteElo "1857"]
[BlackElo "2034"]
[PlyCount "60"]
[EventDate "2021.10.17"]
[EventType "team-tourn"]
[EventRounds "11"]
[EventCountry "CZE"]
[SourceTitle "EXT 2024"]
[Source "ChessBase"]
[SourceDate "2023.10.10"]
[SourceVersion "1"]
[SourceVersionDate "2023.10.10"]
[SourceQuality "1"]
[WhiteTeam "Frydek Mistek III"]
[BlackTeam "Poruba Slavoj III"]
[WhiteTeamCountry "CZE"]
[BlackTeamCountry "CZE"]

1. e4 c6 2. d4 d5 3. Nd2 dxe4 4. Nxe4 Nf6 5. Ng3 h5 6. Bc4 h4 7. N3e2 Bg4 8. h3 Bh5 9. c3 e6 10. Bg5 Nbd7 11. Qb3 Qb6 12. Nf4 Qxb3 13. Bxb3 Bd6 14. Nxh5 Rxh5 15. Nf3 Ne4 16. Be3 Ndf6 17. 0-0-0 a5 18. Nd2 a4 19. Bc2 Nxc3 20. bxc3 Ba3+ 21. Kb1 Rb5+ 22. Nb3 axb3 23. Bxb3 Ne4 24. Kc2 Be7 25. Rhe1 Nd6 26. c4 Rba5 27. d5 cxd5 28. cxd5 Rc8+ 29. Kb2 Nb5 30. dxe6 Bf6+ 0-1

[Event "CZE-chT2F 2122"]
[Site "Czech Republic"]
[Date "2022.01.16"]
[Round "6.7"]
[White "Kudla, Richard"]
[Black "Krejci, Jan"]
[Result "1-0"]
[WhiteElo "2018"]
[BlackElo "2082"]
[PlyCount "35"]
[EventDate "2021.10.17"]
[EventType "team-tourn"]
[EventRounds "11"]
[EventCountry "CZE"]
[SourceTitle "EXT 2024"]
[Source "ChessBase"]
[SourceDate "2023.10.10"]
[SourceVersion "1"]
[SourceVersionDate "2023.10.10"]
[SourceQuality "1"]
[WhiteTeam "Poruba Slavoj III"]
[BlackTeam "Litovel Tatran"]
[WhiteTeamCountry "CZE"]
[BlackTeamCountry "CZE"]

1. e4 e5 2. Bc4 Nf6 3. d4 Nxe4 4. dxe5 c6 5. Bxf7+ Kxf7 6. Qf3+ Nf6 7. exf6 Qxf6 8. Qb3+ d5 9. Nf3 Bd6 10. 0-0 Re8 11. Nc3 Nd7 12. Ng5+ Kg6 13. Nxd5 cxd5 14. Qh3 h5 15. g4 h4 16. Qxh4 Qe5 17. Qh5+ Kf6 18. Qf7# 1-0

[Event "CZE-ch Betsys Online Blitz"]
[Site "Chess.com INT"]
[Date "2021.04.17"]
[Round "10"]
[White "Kudla, Richard"]
[Black "Vrana, Frantisek"]
[Result "1/2-1/2"]
[WhiteElo "2001"]
[BlackElo "2236"]
[PlyCount "86"]
[EventDate "2021.04.17"]
[EventType "swiss (blitz)"]
[EventRounds "13"]
[EventCountry "CZE"]
[SourceTitle "CBM 201 Extra"]
[Source "ChessBase"]
[SourceDate "2021.05.31"]
[SourceVersion "1"]
[SourceVersionDate "2021.05.31"]
[SourceQuality "1"]

1. e4 e6 2. d4 d5 3. exd5 exd5 4. c4 Nf6 5. Nc3 Be6 6. cxd5 Nxd5 7. Bd3 Be7 8. Nge2 Nd7 9. 0-0 0-0 10. Nf4 Nxf4 11. Bxf4 Nf6 12. Rc1 c6 13. Re1 Bd6 14. Bxd6 Qxd6 15. Bb1 Rad8 16. Ne4 Nxe4 17. Rxe4 Bf5 18. Rh4 Bxb1 19. Rxb1 Qf6 20. g3 Rd5 21. Rc1 Rfd8 22. Qd3 g6 23. Rf4 Rxd4 24. Rxf6 Rxd3 25. Rf4 Rd2 26. Rb4 R8d7 27. Kf1 Re7 28. Re1 Rxe1+ 29. Kxe1 Rc2 30. Rxb7 a5 31. a4 Kg7 32. b4 axb4 33. Rxb4 Ra2 34. Rc4 c5 35. Rxc5 Rxa4 36. Rc6 Ra2 37. Kf1 h5 38. Kg2 Kh6 39. h4 Kg7 40. Rd6 Rb2 41. Rc6 Ra2 42. Rd6 Rb2 43. Rc6 Ra2 1/2-1/2

[Event "CZE-ch Betsys Online Blitz"]
[Site "Chess.com INT"]
[Date "2021.04.17"]
[Round "2"]
[White "Trichkov, Vasil"]
[Black "Kudla, Richard"]
[Result "1-0"]
[WhiteElo "2302"]
[BlackElo "2001"]
[PlyCount "61"]
[EventDate "2021.04.17"]
[EventType "swiss (blitz)"]
[EventRounds "13"]
[EventCountry "CZE"]
[SourceTitle "CBM 201 Extra"]
[Source "ChessBase"]
[SourceDate "2021.05.31"]
[SourceVersion "1"]
[SourceVersionDate "2021.05.31"]
[SourceQuality "1"]

1. d4 d5 2. Nf3 Nf6 3. c4 c6 4. Nc3 e6 5. g3 Nbd7 6. Bg2 Be7 7. b3 0-0 8. Qc2 b6 9. 0-0 Bb7 10. Rd1 Rc8 11. e4 dxe4 12. Nxe4 Nxe4 13. Qxe4 Nf6 14. Qe2 Qc7 15. Bf4 Bd6 16. Bxd6 Qxd6 17. Ne5 Rfd8 18. Rac1 Nd7 19. c5 Qe7 20. cxb6 Nxe5 21. dxe5 Rxd1+ 22. Rxd1 axb6 23. Rd6 h6 24. Qd3 Ba8 25. Rd7 Qc5 26. Rd8+ Rxd8 27. Qxd8+ Qf8 28. Qxb6 Qc8 29. Qa7 Kh7 30. Qxf7 Qd8 31. Be4+ 1-0

[Event "CZE-chT2F 1920"]
[Site "Czech Republic"]
[Date "2020.01.12"]
[Round "6.8"]
[White "Bares, Jachym"]
[Black "Kudla, Richard"]
[Result "1/2-1/2"]
[WhiteElo "2089"]
[BlackElo "2054"]
[PlyCount "112"]
[EventDate "2019.10.13"]
[EventType "team-tourn"]
[EventRounds "11"]
[EventCountry "CZE"]
[SourceTitle "EXT 2024"]
[Source "ChessBase"]
[SourceDate "2023.10.10"]
[SourceVersion "1"]
[SourceVersionDate "2023.10.10"]
[SourceQuality "1"]
[WhiteTeam "Grygov Proclient"]
[BlackTeam "Poruba Slavoj III"]
[WhiteTeamCountry "CZE"]
[BlackTeamCountry "CZE"]

1. e4 c6 2. Nc3 d5 3. Nf3 Bg4 4. h3 Bxf3 5. Qxf3 dxe4 6. Nxe4 Nf6 7. Nxf6+ exf6 8. Bc4 Bc5 9. Qe4+ Qe7 10. Qxe7+ Bxe7 11. d4 Nd7 12. Bf4 0-0 13. 0-0 Nb6 14. Bb3 Rad8 15. Rfe1 Rfe8 16. c3 Nd5 17. Bg3 f5 18. c4 Nf6 19. Rad1 Ne4 20. Bc7 Rc8 21. Bf4 Bb4 22. Re2 g5 23. Bc1 h6 24. a3 Ba5 25. d5 cxd5 26. Rxd5 Bb6 27. Kf1 f4 28. Bd2 Re6 29. Ba5 Rce8 30. Bxb6 Ng3+ 31. fxg3 Rxe2 32. Bf2 fxg3 33. Bxg3 Rxb2 34. Bd1 Re3 35. Be5 Rb1 36. Kf2 Rxe5 37. Rxe5 Rxd1 38. Re7 Rb1 39. c5 a5 40. Kf3 Kg7 41. Rd7 b5 42. Ke4 b4 43. axb4 axb4 44. Rb7 b3 45. Kd5 b2 46. Kc6 Kf8 47. Rb3 Ke7 48. Kb6 Kd7 49. c6+ Kc8 50. Rb5 f5 51. Rxf5 Rd1 52. Rf8+ Rd8 53. Rf1 Rd3 54. Rf8+ Rd8 55. Rf1 Rd3 56. Rf8+ Rd8 1/2-1/2

[Event "CZE-chT1E 1920"]
[Site "Czech Republic"]
[Date "2019.12.08"]
[Round "4.6"]
[White "Kudla, Richard"]
[Black "Svanda, Pavel"]
[Result "1/2-1/2"]
[WhiteElo "2062"]
[BlackElo "2042"]
[PlyCount "58"]
[EventDate "2019.10.20"]
[EventType "team-tourn"]
[EventRounds "11"]
[EventCountry "CZE"]
[SourceTitle "CBM 193 Extra"]
[Source "ChessBase"]
[SourceDate "2020.01.31"]
[SourceVersion "1"]
[SourceVersionDate "2020.01.31"]
[SourceQuality "1"]
[WhiteTeam "Poruba Slavoj II"]
[BlackTeam "Gordic"]
[WhiteTeamCountry "CZE"]
[BlackTeamCountry "CZE"]

1. e4 e5 2. Nf3 Nf6 3. Nc3 Nc6 4. d4 exd4 5. Nxd4 d6 6. Be2 Be7 7. 0-0 0-0 8. Re1 Bd7 9. f4 Re8 10. Bf3 Nxd4 11. Qxd4 Bc6 12. b4 Nd7 13. Bb2 Bf6 14. Qd3 a5 15. a3 axb4 16. axb4 Rxa1 17. Rxa1 Nf8 18. Rd1 Qb8 19. Kh1 b5 20. e5 Bxf3 21. Qxf3 dxe5 22. Ne4 Qb6 23. Nxf6+ Qxf6 24. Bxe5 Qe6 25. h3 h6 26. Bxc7 Qc4 27. Be5 Qxc2 28. Qg4 Ng6 29. Qd7 Rc8 1/2-1/2

[Event "CZE-chT2F 1920"]
[Site "Czech Republic"]
[Date "2019.11.17"]
[Round "3.5"]
[White "Ondrejka, Pavel"]
[Black "Kudla, Richard"]
[Result "0-1"]
[WhiteElo "1963"]
[BlackElo "2054"]
[PlyCount "92"]
[EventDate "2019.10.13"]
[EventType "team-tourn"]
[EventRounds "11"]
[EventCountry "CZE"]
[SourceTitle "EXT 2024"]
[Source "ChessBase"]
[SourceDate "2023.10.10"]
[SourceVersion "1"]
[SourceVersionDate "2023.10.10"]
[SourceQuality "1"]
[WhiteTeam "Vrbno pod Pradedem"]
[BlackTeam "Poruba Slavoj III"]
[WhiteTeamCountry "CZE"]
[BlackTeamCountry "CZE"]

1. d4 d5 2. c4 e6 3. e3 c6 4. Nf3 Nf6 5. Bd3 Nbd7 6. 0-0 Be7 7. Nc3 dxc4 8. Bxc4 b5 9. Bd3 b4 10. Ne4 Bb7 11. Nxf6+ Bxf6 12. Qe2 0-0 13. Rd1 Qe7 14. e4 e5 15. Be3 Rfd8 16. Bc2 exd4 17. Nxd4 g6 18. Rab1 c5 19. Nb3 Bxe4 20. Qc4 Bxc2 21. Qxc2 Rac8 22. Re1 Re8 23. Rbd1 Nf8 24. h3 c4 25. Nd2 c3 26. bxc3 Bxc3 27. Bf4 Qxe1+ 28. Rxe1 Rxe1+ 29. Kh2 Be5 30. Qxc8 Bxf4+ 31. g3 Bxd2 32. Kg2 Bc3 33. Qa6 Ra1 34. Qc4 a5 35. h4 h5 36. f3 Ne6 37. g4 Bd4 38. gxh5 Rg1+ 39. Kh2 gxh5 40. f4 Rg4 41. Qc8+ Kg7 42. f5 Be5+ 43. Kh1 Nd4 44. Qb7 Nxf5 45. Qd5 Rxh4+ 46. Kg1 Bd4+ 0-1

[Event "CZE-chT2F 1819"]
[Site "Czech Republic"]
[Date "2018.12.02"]
[Round "4.8"]
[White "Folwarczny, Jiri"]
[Black "Kudla, Richard"]
[Result "0-1"]
[WhiteElo "1729"]
[BlackElo "2052"]
[PlyCount "100"]
[EventDate "2018.10.14"]
[EventType "team-tourn"]
[EventRounds "11"]
[EventCountry "CZE"]
[SourceTitle "EXT 2022"]
[Source "ChessBase"]
[SourceDate "2021.10.06"]
[SourceVersion "1"]
[SourceVersionDate "2021.10.06"]
[SourceQuality "1"]
[WhiteTeam "Karvina"]
[BlackTeam "Poruba Slavoj II"]
[WhiteTeamCountry "CZE"]
[BlackTeamCountry "CZE"]

1. e4 c5 2. Nc3 e6 3. f4 d5 4. Nf3 dxe4 5. Nxe4 Nc6 6. Bb5 Bd7 7. 0-0 Nh6 8. d3 Be7 9. Bxc6 Bxc6 10. Qe1 Nf5 11. Qf2 Qc7 12. Re1 0-0-0 13. Ne5 Rd5 14. Nxc6 Qxc6 15. Ng5 Bf6 16. Kh1 h6 17. Ne4 Bh4 18. g3 Be7 19. Kg1 Rhd8 20. Be3 Nxe3 21. Qxe3 g5 22. Nc3 Rf5 23. Qe4 Qc7 24. fxg5 Rxg5 25. Rf1 Rdg8 26. Rf3 Rg4 27. Qe2 h5 28. Qg2 h4 29. Ne2 Bd6 30. Kf2 f5 31. Rf1 f4 32. Ke1 hxg3 33. hxg3 Qa5+ 34. Kd1 e5 35. Nc3 Be7 36. Ne4 Qxa2 37. b3 Kb8 38. Qh3 c4 39. bxc4 Qb1+ 40. Kd2 Bb4+ 41. c3 Qb2+ 42. Kd1 Bxc3 43. Nxc3 Qxc3 44. gxf4 Rg2 45. R1f2 Rxf2 46. Rxf2 Rg1+ 47. Rf1 Rxf1+ 48. Qxf1 Qa1+ 49. Ke2 Qxf1+ 50. Kxf1 exf4 0-1

[Event "CZE-chT2F 1819"]
[Site "Czech Republic"]
[Date "2018.11.18"]
[Round "3.8"]
[White "Kudla, Richard"]
[Black "Mavrev, David"]
[Result "1/2-1/2"]
[WhiteElo "2052"]
[BlackElo "1809"]
[PlyCount "108"]
[EventDate "2018.10.14"]
[EventType "team-tourn"]
[EventRounds "11"]
[EventCountry "CZE"]
[SourceTitle "EXT 2022"]
[Source "ChessBase"]
[SourceDate "2021.10.06"]
[SourceVersion "1"]
[SourceVersionDate "2021.10.06"]
[SourceQuality "1"]
[WhiteTeam "Poruba Slavoj II"]
[BlackTeam "Frydek Mistek III"]
[WhiteTeamCountry "CZE"]
[BlackTeamCountry "CZE"]

1. e4 e6 2. d3 d5 3. Nd2 Nf6 4. g3 b6 5. Bg2 Bb7 6. Qe2 Be7 7. Ngf3 c5 8. 0-0 0-0 9. e5 Nfd7 10. Re1 Nc6 11. Nf1 b5 12. h4 a5 13. Bf4 Qb6 14. N1h2 c4 15. Ng4 Ba6 16. Bg5 cxd3 17. Qxd3 b4 18. Qd2 Rac8 19. Rac1 Bxg5 20. Qxg5 Nd4 21. Nf6+ Nxf6 22. exf6 g6 23. Re5 Nxf3+ 24. Bxf3 Qd8 25. h5 Rc6 26. Kg2 Bc8 27. Rh1 Rc7 28. Rh4 Kh8 29. hxg6 fxg6 30. Qxg6 Qxf6 31. Qxf6+ Rxf6 32. Reh5 Rcf7 33. Rf4 Rxf4 34. gxf4 Rxf4 35. Be2 Kg7 36. Bd3 h6 37. Kg3 Rf6 38. f4 Bd7 39. Re5 Kf7 40. Kf3 Ke7 41. Ke3 Kd6 42. Be2 Bc6 43. Rh5 Be8 44. Rh4 Kc5 45. Bd3 h5 46. Be2 Rh6 47. Bd3 Bf7 48. Be2 Rh8 49. Bd3 Rg8 50. Kf3 Rg1 51. b3 Be8 52. Rh2 Kd4 53. Re2 Bd7 54. Re5 h4 1/2-1/2